| 000 | 00666nam a22001815i 4500 | ||
|---|---|---|---|
| 001 | 156467 | ||
| 003 | ES-MaACL | ||
| 005 | 20230906210421.0 | ||
| 008 | 010419s1863 sp a |||| | spa d | ||
| 040 |
_aCCPB | B _bspa _cCCPB | B |
||
| 100 | 1 |
_aJover, Nicasio Camilo. _9128378 |
|
| 245 | 1 | 0 |
_aReseña histórica de la ciudad de Alicante / _cpor Nicasio Camilo Jover. |
| 260 |
_aAlicante : _b[s.n.], _c1863 ( _fImp. y lit. de la V. de Juan J. Carratalá) |
||
| 300 |
_a307, [5], 104 p., [8] h. de grab. ; _c22 cm. |
||
| 599 | _aLas h. de grab. litogr.: "Vª Carratalá; Alic." | ||
| 651 | 4 |
_aAlicante- _xHistoria. _97681 |
|
| 852 |
_aES-MaACL _jD-4058 _z-- Enc. hol. |
||
| 999 |
_c156467 _d156467 |
||